ბათუმის შოთა რუსთაველის სახელმწიფო უნივერსიტეტის ბიბლიოთეკა

სამშენებლო მექანიკის მოკლე კურსი : (ბიბ.ჩანაწერი № 40193)

000 -ლიდერი
ფიქსირებული სიგრძის საკონტროლო ველი 00881nam a2200217Ia 4500
001 - საკონტროლო ნომერი
საკონტროლო ველი 6800
003 - საკონტროლო ნომრის იდენტიფიკატორი
საკონტროლო ველი GE_BSU
005 - ბოლო ოპერაციის თარიღი და დრო
საკონტროლო ველი 20190422200623.0
008 - ფიქსირებული სიგრძის მონაცემთა ელემენტები - ზოგადი ინფორმაცია
ფიქსირებული სიგრძის საკონტროლო ველი 181216s1977||||ge |||||||||||||| ||geo||
040 ## - კატალოგიზაციის წყარო
Transcribing agency GE_BSU
041 ## - ენის კოდი
Language code of text/sound track or separate title geo
080 ## - უნივერსალური ათობითი კლასიფიკაციის ინდექსი
Universal Decimal Classification number 624.04(075.8) მ-74
100 ## - მთავარი ჩანაწერი - პიროვნების სახელი
Personal name მიქელაძე,მ.
9 (RLIN) 354
245 ## - ცნობა სათაურის შესახებ
Title სამშენებლო მექანიკის მოკლე კურსი :
Remainder of title სახელმძღ . /
Statement of responsibility, etc მ.მიქელაძე , რედ. ი. გოგუაძე.
264 ## - წარმოების, გამოცემის, დისტრიბუციის და სხვა ცნობები
გამოცემის, წარმოების, დისტრიბუციის... ადგილი თბილისი :
გამოცემის, წარმოების, დისტრიბუციის... სახელწოდება განათლება ,
გამოცემის, წარმოების, დისტრიბუციის... თარიღი 1977
300 ## - ფიზიკური აღწერა
Extent 158 გვ ; 20სმ.
Other physical details ნახაზ .
Dimensions 20 სმ.
653 ## - INDEX TERM--UNCONTROLLED
Uncontrolled term სამშენებლო მექანიკა
653 ## - INDEX TERM--UNCONTROLLED
Uncontrolled term მექანიკა
700 ## - ADDED ENTRY--PERSONAL NAME
Personal name ი. გოგუაძე.
Relator term რედაქტორი
9 (RLIN) 355
942 ## - ADDED ENTRY ELEMENTS (KOHA)
Koha item type წიგნი
Source of classification or shelving scheme
ეგზემპლარები
ჩამოწერის სტატუსი დაკარგული ეგზემპლარის სტატუსი კლასიფიკაციის წყარო ან თაროზე გაწყობის სქემა დაზიანების სტატუსი არ გაიცემა მუდმივი მდებარეობა (დაცვის ადგილი) ამჟამინდელი ადგილსამყოფელი თაროზე განთავსების ადგილი შეძენის თარიღი ღირებულება, შესყიდვის ნორმალური ფასი სრული შენახვის შიფრი შტრიხკოდი ბოლო ოპერაციის თარიღი ეგზემპლარის მიმდევრობითი ნომერი (კეტერი?) ფასის ძალაში შესვლის თარიღი ეგზემპლარის სახეობა საჯარო შენიშვნა
          ბათუმის შოთა რუსთაველის სახელმწიფო უნივერსიტეტის მთავარი ბიბლიოთეკა ბათუმის შოთა რუსთაველის სახელმწიფო უნივერსიტეტის მთავარი ბიბლიოთეკა წიგნსაცავი 2018-12-17 0.60 624.04(075.8) მ-74 11304 2018-12-17 11304 2018-12-17 წიგნი 0.60 თ.
          ტექნოლოგიური ფაკულტეტის ბიბლიოთეკა ტექნოლოგიური ფაკულტეტის ბიბლიოთეკა წიგნსაცავი 2018-12-17 0.60 624.04(075.8) მ-74 11299 2018-12-17 11299 2018-12-17 წიგნი 0.60 თ.
          ტექნოლოგიური ფაკულტეტის ბიბლიოთეკა ტექნოლოგიური ფაკულტეტის ბიბლიოთეკა   2018-12-17 0.60 624.04(075.8) მ-74 11300 2018-12-17 11300 2018-12-17 წიგნი 0.60 თ.
          ტექნოლოგიური ფაკულტეტის ბიბლიოთეკა ტექნოლოგიური ფაკულტეტის ბიბლიოთეკა წიგნსაცავი 2018-12-17 0.60 624.04(075.8) მ-74 11301 2018-12-17 11301 2018-12-17 წიგნი 0.60 თ.
          ტექნოლოგიური ფაკულტეტის ბიბლიოთეკა ტექნოლოგიური ფაკულტეტის ბიბლიოთეკა წიგნსაცავი 2018-12-17 0.00 624.04(075.8) მ-74 11302 2018-12-17 11302 2018-12-17 წიგნი 0.60 თ.
          ტექნოლოგიური ფაკულტეტის ბიბლიოთეკა ტექნოლოგიური ფაკულტეტის ბიბლიოთეკა წიგნსაცავი 2018-12-17 0.60 624.04(075.8) მ-74 11303 2018-12-17 11303 2018-12-17 წიგნი 0.60თ.
          ტექნოლოგიური ფაკულტეტის ბიბლიოთეკა ტექნოლოგიური ფაკულტეტის ბიბლიოთეკა წიგნსაცავი 2018-12-17 0.60 624.04(075.8) მ-74 11305 2018-12-17 11305 2018-12-17 წიგნი 0,60 თ.
          ტექნოლოგიური ფაკულტეტის ბიბლიოთეკა ტექნოლოგიური ფაკულტეტის ბიბლიოთეკა წიგნსაცავი 2018-12-17 0.60 624.04(075.8) მ-74 11306 2018-12-17 11306 2018-12-17 წიგნი 0.60 თ.